KERNA SYURGA BUKAN PERCUMA 2 : (Record no. 169268)
[ view plain ]
| 000 -LEADER | |
|---|---|
| fixed length control field | 01067aam a2200337 i 4500 |
| 001 - CONTROL NUMBER | |
| control field | vtls000838891 |
| 003 - CONTROL NUMBER IDENTIFIER | |
| control field | PNM |
| 005 - DATE AND TIME OF LATEST TRANSACTION | |
| control field | 20180821060939.0 |
| 008 - FIXED-LENGTH DATA ELEMENTS--GENERAL INFORMATION | |
| fixed length control field | 171003t20172017my e 000 1 may d |
| 020 ## - INTERNATIONAL STANDARD BOOK NUMBER | |
| International Standard Book Number | 9789672118015 |
| Qualifying information | paperback |
| Terms of availability | RM30.00 |
| 039 #9 - LEVEL OF BIBLIOGRAPHIC CONTROL AND CODING DETAIL [OBSOLETE] | |
| Level of rules in bibliographic description | 201803271115 |
| Level of effort used to assign nonsubject heading access points | fadzli |
| Level of effort used to assign subject headings | 201803091151 |
| Level of effort used to assign classification | masliza |
| 040 ## - CATALOGING SOURCE | |
| Original cataloging agency | PNM |
| Language of cataloging | eng |
| Transcribing agency | PNM |
| Description conventions | rda |
| 049 ## - LOCAL HOLDINGS (OCLC) | |
| Holding library | klpmal |
| 082 04 - DEWEY DECIMAL CLASSIFICATION NUMBER | |
| Classification number | 899.2333 |
| Edition number | 23 |
| 090 20 - LOCALLY ASSIGNED LC-TYPE CALL NUMBER (OCLC); LOCAL CALL NUMBER (RLIN) | |
| Feature heading | NAJ |
| Feature heading | G |
| Classification number (OCLC) (R) ; Classification number, CALL (RLIN) (NR) | 899.2333 |
| 100 0# - MAIN ENTRY--PERSONAL NAME | |
| Personal name | Najmi Fetih, |
| Relator term | author. |
| 245 10 - TITLE STATEMENT | |
| Title | KERNA SYURGA BUKAN PERCUMA 2 : |
| Remainder of title | "KERNA MASA SILAM ITU KEKAL, SEBAB ITU AKU KEJAR MASA DEPAN YANG LEBIH BAIK.." / |
| Statement of responsibility, etc. | NAJMI FETIH : Editor, Ahmad Shukery Azizan |
| 264 #1 - PRODUCTION, PUBLICATION, DISTRIBUTION, MANUFACTURE, AND COPYRIGHT NOTICE | |
| Place of production, publication, distribution, manufacture | Shah Alam, Selangor : |
| Name of producer, publisher, distributor, manufacturer | Sentap Press, |
| Date of production, publication, distribution, manufacture, or copyright notice | 2017 |
| Place of production, publication, distribution, manufacture | ©2018 |
| 300 ## - PHYSICAL DESCRIPTION | |
| Extent | 330 pages ; |
| Dimensions | 21 cm |
| 336 ## - CONTENT TYPE | |
| Content type term | text |
| Source | rdacontent |
| 337 ## - MEDIA TYPE | |
| Media type term | unmediated |
| Source | rdamedia |
| 338 ## - CARRIER TYPE | |
| Carrier type term | volume |
| Source | rdacarrier |
| 650 10 - SUBJECT ADDED ENTRY--TOPICAL TERM | |
| Topical term or geographic name entry element | Malaysian fiction (Malay) |
| Topical term or geographic name entry element | Malay fiction |
| 700 0# - ADDED ENTRY--PERSONAL NAME | |
| Personal name | Ahmad Shukery Azizan, |
| Relator term | editor. |
| 942 ## - ADDED ENTRY ELEMENTS (KOHA) | |
| Source of classification or shelving scheme | Dewey Decimal Classification |
| Koha item type | Book |
| 949 ## - LOCAL PROCESSING INFORMATION (OCLC) | |
| 6 | 1001363161 |
| 6 | 1001363162 |
| 6 | 1001363163 |
| Withdrawn | Not for loan | Current library | Shelving location | Date acquired | Total Checkouts | Total Renewals | Full call number | Barcode | Date last seen | Date last checked out | Koha item type | Checked out |
|---|---|---|---|---|---|---|---|---|---|---|---|---|
| Perpustakaan Alor Setar | Pinjaman Dewasa | 26/08/2018 | 4 | 1 | 899.2333 NAJ | A01576043 | 14/10/2025 | 25/09/2025 | Book | |||
| Perpustakaan Alor Setar | Pinjaman Dewasa | 26/08/2018 | 4 | 4 | 899.2333 NAJ | A01576044 | 10/08/2022 | 07/06/2022 | Book | |||
| Perpustakaan Awam Sungai Petani | Pinjaman Dewasa | 26/11/2018 | 9 | 2 | 899.2333 NAJ | A01576045 | 11/04/2026 | 29/03/2026 | Book | |||
| Perpustakaan Baling | Pinjaman Dewasa | 26/08/2018 | 15 | 3 | 899.2333 NAJ | A01576049 | 06/08/2024 | 20/07/2024 | Book | |||
| Perpustakaan Bandar Baharu | Pinjaman Dewasa | 26/08/2018 | 1 | 899.2333 NAJ | A01576050 | 12/01/2021 | 04/01/2021 | Book | ||||
| Perpustakaan Jitra | Pinjaman Dewasa | 26/08/2018 | 14 | 3 | 899.2333 NAJ | A01576046 | 29/11/2025 | 01/11/2025 | Book | |||
| Perpustakaan Kuala Nerang | Pinjaman Dewasa | 26/08/2018 | 1 | 1 | 899.2333 NAJ | A01576054 | 16/11/2023 | 25/10/2023 | Book | |||
| Perpustakaan Kulim | Pinjaman Dewasa | 26/08/2018 | 1 | 899.2333 NAJ | A01576048 | 01/04/2019 | 11/03/2019 | Book | ||||
| Perpustakaan Kulim | Pinjaman Dewasa | 26/08/2018 | 4 | 899.2333 NAJ | A01576059 | 25/02/2026 | 11/02/2026 | Book | ||||
| Perpustakaan Langkawi | Pinjaman Dewasa | 26/08/2018 | 6 | 899.2333 NAJ | A01576047 | 26/12/2021 | 12/12/2021 | Book | ||||
| Perpustakaan Merbok | Pinjaman Dewasa | 26/08/2018 | 12 | 1 | 899.2333 NAJ | A01576051 | 03/11/2024 | 13/10/2024 | Book | |||
| Perpustakaan Pendang | Pinjaman Dewasa | 26/08/2018 | 1 | 899.2333 NAJ | A01576055 | 13/07/2020 | 13/07/2020 | Book | 03/08/2020 | |||
| Perpustakaan Sik | Pinjaman Dewasa | 26/08/2018 | 8 | 3 | 899.2333 NAJ | A01576053 | 12/10/2025 | 22/09/2025 | Book | |||
| Perpustakaan Yan | Pinjaman Dewasa | 26/08/2018 | 899.2333 NAJ | A01576052 | 26/08/2018 | Book | ||||||
| Bergerak 1, Alor Setar | Pinjaman Dewasa | 26/08/2018 | 899.2333 NAJ | A01576056 | 26/08/2018 | Book | ||||||
| Bergerak 3, Baling | Pinjaman Dewasa | 26/08/2018 | 899.2333 NAJ | A01576057 | 26/08/2018 | Book | ||||||
| Bergerak 4, Sungai Petani | Pinjaman Dewasa | 26/08/2018 | 899.2333 NAJ | A01576058 | 26/08/2018 | Book |